Guess the 2 Euro coin (easy) - Statistics

General Stats
  • This quiz has been taken 22 times
  • The average score is 25 of 34
Answer Stats
Picture Answer % Correct
Croatia
100%
France (1999-2021)
100%
Netherlands (1999-2013)
100%
Spain (1999-2009)
100%
Vatican City (2014-2016)
100%
Andorra
89%
Germany
89%
Italy
84%
San Marino (2002-2016)
84%
Spain (2015-)
84%
Greece
79%
Ireland
79%
Latvia
79%
Monaco (2006-)
79%
Spain (2010-2014)
79%
Luxembourg
74%
Monaco (2001-2005)
74%
Portugal
74%
San Marino (2017-)
74%
Slovakia
74%
Vatican City (2005)
74%
Cyprus
68%
Malta
68%
Netherlands (2014-)
68%
Slovenia
68%
Vatican City (2002-2005)
68%
Vatican City (2006-2013)
68%
Estonia
63%
Lithuania
63%
France (2022-)
58%
Vatican City (2017-)
58%
Austria
47%
Belgium
42%
Finland
37%
No matching quizzes found
Score Distribution
Percent of People with Each Score
Percentile by Number Answered
Your Score History
You have not taken this quiz